Základy finančního hospodaření : Bilance. Účet zisků a ztrát. Cash-flow. Základy kalkulace. Finanční plánování. Systémy včasného varování /

Saved in:
Bibliographic Details
Main Author: Kralicek, Peter (Author)
Other Authors: Spal, Josef (Translator)
Format: Book
Language:Czech
Published: Praha : Linde, 1993
Subjects:
Online Access:OBSAH
Tags: Add Tag
No Tags, Be the first to tag this record!

MARC

LEADER 00000nam a22000003a 4500
001 stu46243
005 20150617225716.5
008 980218s1993----cs------------------cze-d
020 |a 80-85647-11-7 
040 |a STU  |b slo 
041 0 |a cze 
044 |a cs 
080 |a 658.15 
100 1 |a Kralicek, Peter  |4 aut 
245 1 |a Základy finančního hospodaření :  |b Bilance. Účet zisků a ztrát. Cash-flow. Základy kalkulace. Finanční plánování. Systémy včasného varování /  |c [aut.]Peter Kralicek; Z nem. Josef Spal 
260 |a Praha :  |b Linde,  |c 1993 
300 |a 110 s 
650 7 |a Hospodárenie finančné  |2 stusub 
650 7 |a financie  |2 stusub 
650 7 |a hospodárenie  |2 stusub 
700 1 |a Spal, Josef  |4 trl 
856 4 |a https://sweb.mtf.stuba.sk/obsahy/zaklady_financniho_hospodareni_93.pdf  |u https://sweb.mtf.stuba.sk/obsahy/zaklady_financniho_hospodareni_93.pdf  |3 OBSAH 
996 |b 284M038486  |c M*9754-1  |l MMKN  |s A  |a 24  |w stu46243_0001